<?xml version="1.0" encoding="UTF-8"?>
<record
    xmlns:xsi="http://www.w3.org/2001/XMLSchema-instance"
    xsi:schemaLocation="http://www.loc.gov/MARC21/slim http://www.loc.gov/standards/marcxml/schema/MARC21slim.xsd"
    xmlns="http://www.loc.gov/MARC21/slim">

  <leader>01123nam a2200241   4500</leader>
  <controlfield tag="001">113583</controlfield>
  <controlfield tag="003">DR-UNIBE</controlfield>
  <controlfield tag="005">20250512081816.0</controlfield>
  <controlfield tag="008">250508b2003    es ||||| |||| 00| 0 spa d</controlfield>
  <datafield tag="040" ind1=" " ind2=" ">
    <subfield code="a">BIBLIOTECA UNIBE</subfield>
    <subfield code="c">BIBLIOTECA UNIBE</subfield>
    <subfield code="b">spa</subfield>
    <subfield code="e">rda</subfield>
  </datafield>
  <datafield tag="041" ind1=" " ind2=" ">
    <subfield code="a">spa</subfield>
  </datafield>
  <datafield tag="082" ind1=" " ind2=" ">
    <subfield code="2">22</subfield>
    <subfield code="a">345.7284 R426a</subfield>
  </datafield>
  <datafield tag="110" ind1=" " ind2="0">
    <subfield code="a">Rep&#xFA;blica de El Salvador. Corte Suprema de Justicia</subfield>
    <subfield code="9">195202</subfield>
    <subfield code="e">autor</subfield>
  </datafield>
  <datafield tag="245" ind1="1" ind2="0">
    <subfield code="a">Anteproyecto C&#xF3;digo Procesal Civil y Mercantil de la Rep&#xFA;blica de El Salvador /</subfield>
  </datafield>
  <datafield tag="260" ind1=" " ind2=" ">
    <subfield code="a">San Salvador:</subfield>
    <subfield code="b">Corte Suprema de Justicia, </subfield>
    <subfield code="c">2003</subfield>
  </datafield>
  <datafield tag="300" ind1=" " ind2=" ">
    <subfield code="a">217 p&#xE1;ginas : </subfield>
    <subfield code="c">23 x 17 cm</subfield>
  </datafield>
  <datafield tag="500" ind1=" " ind2=" ">
    <subfield code="a">Incluye los nombres de los consultores del anteproyecto</subfield>
  </datafield>
  <datafield tag="505" ind1=" " ind2=" ">
    <subfield code="a">Presentaci&#xF3;n del Anteproyecto C&#xF3;digo Procesal Civil y Mercantil |
Libro primero. Disposiciones generales |
Libro segundo. Los procesos declarativos |
Libro tercero. Procesos especiales |
Libro cuarto. Los medios de impugnaci&#xF3;n |
</subfield>
  </datafield>
  <datafield tag="650" ind1=" " ind2="7">
    <subfield code="2">lemb</subfield>
    <subfield code="v">C&#xF3;digos</subfield>
    <subfield code="z">El Salvador</subfield>
    <subfield code="9">195209</subfield>
  </datafield>
  <datafield tag="651" ind1=" " ind2=" ">
    <subfield code="a">El Salvador</subfield>
    <subfield code="x">Derecho procesal civil</subfield>
    <subfield code="v">C&#xF3;digos</subfield>
    <subfield code="9">195137</subfield>
  </datafield>
  <datafield tag="651" ind1=" " ind2=" ">
    <subfield code="a">El Salvador</subfield>
    <subfield code="x">Derecho comercial</subfield>
    <subfield code="v">C&#xF3;digos</subfield>
    <subfield code="9">195138</subfield>
  </datafield>
  <datafield tag="942" ind1=" " ind2=" ">
    <subfield code="2">ddc</subfield>
    <subfield code="c">BK</subfield>
  </datafield>
  <datafield tag="999" ind1=" " ind2=" ">
    <subfield code="c">113583</subfield>
    <subfield code="d">113583</subfield>
  </datafield>
  <datafield tag="952" ind1=" " ind2=" ">
    <subfield code="0">0</subfield>
    <subfield code="1">0</subfield>
    <subfield code="2">ddc</subfield>
    <subfield code="7">0</subfield>
    <subfield code="8">GEN</subfield>
    <subfield code="a">Principal</subfield>
    <subfield code="d">2025-04-08</subfield>
    <subfield code="l">0</subfield>
    <subfield code="o">345.7284 R426a</subfield>
    <subfield code="p">250405</subfield>
    <subfield code="r">2025-05-08 16:28:22</subfield>
    <subfield code="t">Ej. 1</subfield>
    <subfield code="w">2025-05-08</subfield>
    <subfield code="y">BK</subfield>
  </datafield>
</record>
